000 00432pab a2200169 454500
008 180718b2008 xxu||||| |||| 00| 0 eng d
100 _aRothstein
245 _aThe state and social capital: an institutional theory of generalised trust
260 _c2008
300 _ap.441-59.
362 _aJul
650 _aSocial capital
700 _aStolle, Dietlind
773 _aComparative Politics
908 _aN
909 _a79394
999 _c79394
_d79394